Score 0/11 Timer 01:00
1 Play Today
Mixed Word Country % Correct
NORADJ(J)ORDAN
94.6%
RAQATQATA(R)
93.8%
CRGEEEGR(E)ECE
93.2%
DIFNALNF(I)NLAND
89.2%
LEEEVANUZVENEZUEL(A)
81.9%
WAMIZBEB(Z)IMBABWE
81.4%
GATONTONG(A)
71.4%
MANGYERGERMA(N)Y
66.8%
BODAMAICCAM(B)ODIA
65.8%
SURELBABEL(A)RUS
61.6%
MYSTERY COUNTRY:AZERBAIJAN
29.7%
Remove Ads.
Support Sporcle.
Get the best of Sporcle when you Go Orange. This ad-free experience offers more features, more stats, and more fun while also helping to support Sporcle. Thank you for becoming a member.

You're not logged in!

Compare scores with friends on all Sporcle quizzes.
OR
Log In

Show Comments

Extras

Top Quizzes Today


Score Distribution

Your Account Isn't Verified!

In order to create a playlist on Sporcle, you need to verify the email address you used during registration. Go to your Sporcle Settings to finish the process.

Report this User

Report this user for behavior that violates our Community Guidelines.

Details: